• 首页
  • 本馆介绍
  • 公告通知
  • 最新文献
  • 馆藏检索
  • 电子资源
  • 读者导购
  • 参考咨询
  • 我的图书馆
  • 登录
  • 详细信息显示
  • 放入我的书架
  • 预约/预借图书
  • 作者相关作品
  • 分类相关作品
  • 丛书相关作品
  • 出版社相关作品

书目信息

  • 表格格式
  • 工作单格式
  • 卡片格式
题名:
衰老问题探密
    
 
作者: 威廉.R.克拉克 ;许宝孝
分册:  
出版信息: 上海   复旦大学出版社  2001
页数: 238
开本: 20cm
丛书名: 复旦科普译丛
单 册:
中图分类: Q255
科图分类:
主题词: 细胞生理学
电子资源:
ISBN: 7-309-02894-5
000 00761nam0 2200229 450
001 0741144344
005 20070817112544.34
010    @a7-309-02894-5@d¥16.00
100    @a20070817d km y0chiy0120 ea
101 0  @achi
200 1  @a衰老问题探密@Ashuai lao wen ti tan mi@e衰老与死亡的生物学基础@f(美)威廉.R.克拉克@F(mei)wei lian.R.ke la ke@g许宝孝@Gxu bao xiao
210    @a上海@c复旦大学出版社@d2001
215    @a238@d20cm
225 2  @a复旦科普译丛
410  0 @12001 @a复旦科普译丛
517 1  @a衰老与死亡的生物学基础@Ashuai lao yu si wang de sheng wu xue ji chu
606 0  @a细胞生理学
690    @aQ255@v3
701  0 @a威廉.R.克拉克@Awei lian.R.ke la ke
702  0 @a许宝孝@Axu bao xiao
801  0 @aCN@bPFT@c20070817
905    @a213230@dQ255@en1@f1
    
    衰老问题探密:衰老与死亡的生物学基础/(美)威廉.R.克拉克/许宝孝.-上海:复旦大学出版社,2001
    238;20cm.-(复旦科普译丛)
    
    
    ISBN 7-309-02894-5:¥16.00
    
●
相关链接 在E读中查询图书 在五车中查询图书 在当当中查询图书 在豆瓣中查询图书


正题名:衰老问题探密     索取号:Q255/n1         预约/预借

序号 登录号 条形码 馆藏地/架位号 状态 备注
1 6600110   266001104   密集书库-生命科学系/ [索取号:Q255/n1] 在馆    
唐山师范学院图书馆 欢迎您!
大连网信软件有限公司© 版权所有